Особенности изготовок для стрельбы с использованием нестандартных положений при применении короткоствольного огнестрельного оружия (Запись № 13000092)

Подробности
000 -МАРКЕР
контрольное поле 02850nam0a2200385 4500
001 - ИДЕНТИФИКАТОР ЗАПИСИ
контрольное поле RU\NLR\BIBL_A\012740248
005 - ИДЕНТИФИКАТОР ВЕРСИИ
контрольное поле 20240911105500.0
021 ## - НОМЕР ГОСУДАРСТВЕННОЙ РЕГИСТРАЦИИ
Код страны Российская Федерация
Номер КН-П-21-087832
Номер Листа государственной регистраци КН-П-21-7001
035 ## - ДРУГИЕ СИСТЕМНЫЕ НОМЕРА
Идентификатор записи (NLR Aleph) 012740248
035 ## - ДРУГИЕ СИСТЕМНЫЕ НОМЕРА
Идентификатор записи (RuMoRGB)010919949
100 ## - ДАННЫЕ ОБЩЕЙ ОБРАБОТКИ
Данные общей обработки 20220324d2021 u y0rusy50 ca
101 0# - ЯЗЫК РЕСУРСА
Язык текста, звукозаписи и т.д. русский
102 ## - СТРАНА ПУБЛИКАЦИИ ИЛИ ПРОИЗВОДСТВА
Страна публикации Российская Федерация
105 ## - ПОЛЕ КОДИРОВАННЫХ ДАННЫХ: ТЕКСТОВЫЕ МАТЕРИАЛЫ, МОНОГРАФИЧЕСКИЕ
Кодированные данные о монографическом текстовом документе ac||j|||000zy
181 #0 - ПОЛЕ КОДИРОВАННЫХ ДАННЫХ: ВИД СОДЕРЖАНИЯ
Код вида содержания (ISBD) i2
Код характеристики содержания (ISBD) ab2e
181 #0 - ПОЛЕ КОДИРОВАННЫХ ДАННЫХ: ВИД СОДЕРЖАНИЯ
Код вида содержания (ISBD) b2
Код характеристики содержания (ISBD) bb2e
182 #0 - ПОЛЕ КОДИРОВАННЫХ ДАННЫХ: ТИП СРЕДСТВА
Код типа средства (ISBD) n - непосредственное
200 1# - ЗАГЛАВИЕ И СВЕДЕНИЯ ОБ ОТВЕТСТВЕННОСТИ
Основное заглавие Особенности изготовок для стрельбы с использованием нестандартных положений при применении короткоствольного огнестрельного оружия
Сведения, относящиеся к заглавию учебное наглядное пособие
-- для сотрудников органов внутренних дел Российской Федерации, сотрудников Федеральной службы войск национальной гвардии Российской Федерации, профессорско-преподавательского состава и слушателей образовательных организаций МВД России
Первые сведения об ответственности В. В. Карпушкин, А. Ш. Бибиев, Ю. Г. Ященко
Последующие сведения об ответственности МВД России, Всероссийский институт повышения квалификации сотрудников МВД России, Брянский филиал
203 ## - ВИД СОДЕРЖАНИЯ И ТИП СРЕДСТВА
Вид содержания Текст
-- Изображение
Дополнительные сведения об издании визуальные
Тип средства непосредственные
210 ## - ПУБЛИКАЦИЯ, РАСПРОСТРАНЕНИЕ И ДР.
Место издания, распространения и т.д. Домодедово
Имя издателя, распространителя и т. д. ВИПК МВД России
Дата издания, распространения и т.д. 2021
215 ## - ФИЗИЧЕСКАЯ ХАРАКТЕРИСТИКА
Специфическое обозначение материала и объем 51 с.
Другие сведения о физической характеристике ил.
Размеры 20
300 ## - ОБЩИЕ ПРИМЕЧАНИЯ
Текст примечания На обороте тит. с. авт.: В. В. Карпушкин - проф., канд. юрид. наук, А. Ш. Бабиев - доц., канд. юрид. наук, Ю. Г. Ященко - доц., канд. пед. наук
320 ## - ПРИМЕЧАНИЯ О НАЛИЧИИ В ДОКУМЕНТЕ БИБЛИОГРАФИИ / УКАЗАТЕЛЯ
Текст примечания Библиогр.: с. 51 (10 назв.)
606 1# - НАИМЕНОВАНИЕ ТЕМЫ КАК ПРЕДМЕТ
Наименование темы Пистолеты боевые
Формальный подзаголовок Учебные издания
Тематический подзаголовок Стрельба
-- Обучение
Системный номер авторитетной/нормативной записи 2263645
Идентификатор авторитетной/нормативной записи RU\NLR\AUTH\661357084
606 1# - НАИМЕНОВАНИЕ ТЕМЫ КАК ПРЕДМЕТ
Наименование темы Органы внутренних дел
Формальный подзаголовок Учебные издания
Тематический подзаголовок Кадры
-- Огневая подготовка
Географический подзаголовок Российская Федерация
Системный номер авторитетной/нормативной записи 2279886
Идентификатор авторитетной/нормативной записи RU\NLR\AUTH\661366006
686 1# - ИНДЕКСЫ ДРУГИХ КЛАССИФИКАЦИЙ
Индекс Ц521.23-91я7
686 1# - ИНДЕКСЫ ДРУГИХ КЛАССИФИКАЦИЙ
Индекс Х621.163.01я7-7
700 #1 - ИМЯ ЛИЦА - ПЕРВИЧНАЯ ОТВЕТСТВЕННОСТЬ
Начальный элемент ввода Карпушкин
Часть имени, кроме начального элемента ввода В. В.
Расширение инициалов личного имени Владимир Владимирович
701 #1 - ИМЯ ЛИЦА - АЛЬТЕРНАТИВНАЯ ОТВЕТСТВЕННОСТЬ
Начальный элемент ввода Бибиев
Часть имени, кроме начального элемента ввода А. Ш.
Дополнения к именам, кроме дат канд. юрид. наук
Расширение инициалов личного имени Ахмед Шайхиевич
Системный номер авторитетной/нормативной записи 271733
Идентификатор авторитетной/нормативной записи RU\NLR\AUTH\770271789
701 #1 - ИМЯ ЛИЦА - АЛЬТЕРНАТИВНАЯ ОТВЕТСТВЕННОСТЬ
Начальный элемент ввода Ященко
Часть имени, кроме начального элемента ввода Ю. Г.
Расширение инициалов личного имени Юрий Григорьевич
942 ## - ДОПОЛНИТЕЛЬНЫЕ ЭЛЕМЕНТЫ ЗАПИСИ (АБИС)
Тип экземпляра АБИС Книга
980 ## - КОЛЛЕКЦИЯ
Название коллекции Национальная библиография
Экземпляры
Тип экземпляра Дата поступления Источник поступления Библиотека постоянного хранения Библиотека текущего хранения Место хранения Шифр хранения Штрих-код Статус экземпляра
Книга 24.03.2022 Обязательный экземпляр РНБ (Московский) РНБ (Московский) Русский книжный фонд: издания с 1957 года 2022-4/2235 1-3746959